000 00443nam a22001457a 4500
003 SGT
082 _a616.8
_bI26J
100 _aJAVED, AALIYA
245 _aTHE IMPACT OF CARDIO- ONCOLOGY REHABILITATION ON DYSPNEA, FATIGUE, LYMPHEDEMA AND QUALITY OF LIFE IN BREAST CANCER PATIENTS RECEIVING CHEMO-RADIOTHERAPY
260 _aGURUGRAM
_bSGT UNIVERSITY
_c2025
300 _a118
650 _aCARDIOPULMONARY
653 _aMPT
942 _2ddc
_cTH
999 _c32568
_d32568